Music Quiz

Random Music or Lyrics Quiz

Buildings In Song Lyrics Quiz Stats

 Plays Quiz Updated Jul 11, 2015

Score 0/30 Timer 08:00
4 Plays Today
% Correct
cabin
83.1%
restaurant
82.5%
drug store
77.7%
donut shop
76.9%
jeweller's store
75.5%
motel
74.1%
museum
71.9%
barn
70.5%
second hand store
68.6%
house
68.4%
fort
64.4%
disco
62.2%
diner
61.7%
mansion
61.6%
factory
59.8%
% Correct
casino
58.1%
high school
58%
fortress
57.4%
shack
55.3%
castle
53%
toy shop
52.8%
liquor store
52.8%
club
52.1%
stadium
52%
grocery store
47.7%
supermarket
46.6%
school
46.1%
bar
44.8%
police station
41.7%
café
41.3%

You're not logged in!

Compare scores with friends on all Sporcle quizzes.
OR
Log In

Sporcle TV

Today on Sporcle TV


Watch our educational content, quiz creation guides, and fun videos on Sporcle TV.

Show Comments

Extras

Top Quizzes Today


Score Distribution

Your Account Isn't Verified!

In order to create a playlist on Sporcle, you need to verify the email address you used during registration. Go to your Sporcle Settings to finish the process.

Report this User

Report this user for behavior that violates our Community Guidelines.

Details: